العلم والسيطرة : (Record no. 24069)
[ view plain ]
| 000 -الفاتح | |
|---|---|
| حقل البيانات ثابتة الطول | 01157nam a22002775a 4500 |
| 003 - محدد رقم الضبط | |
| رقم الضبط | OSt |
| 005 - وقت وتاريخ اخر تعامل مع التسجيلة | |
| رقم الضبط | 20170212142923.0 |
| 008 - عناصر البيانات ثابتة الطول - معلومات عامة | |
| حقل البيانات ثابتة الطول | 170205s2015 ua a frb 000 0 ara d |
| 015 ## - | |
| -- | 2013 / 11777 |
| 020 ## - الرقم الدولى المعيارى للكتب | |
| الرقم الدولى المعيارى للكتاب | 9789777184304 |
| 020 ## - الرقم الدولى المعيارى للكتب | |
| الرقم الدولى المعيارى للكتاب الملغى /الخاطئ | 900302347 |
| 040 ## - مصدر الفهرسة | |
| وكالة الفهرسة الأصلية | EG-ScBUE |
| لغة الفهرسة | ara |
| وكالة النسخ | EG-ScBUE |
| 043 ## - رمز المنطقة الجغرافية | |
| رمز المنطقة الجغرافية | a-is--- |
| 082 04 - رقم تصنيف ديوى العشرى | |
| رقم التصنيف | 338.95694 |
| رقم المادة | ش ع ب |
| رقم الطبعة | 22 |
| 100 1# - المدخل الرئيسى - إسم شخصى | |
| الإسم الشخصى | شعبان، أحمد بهاء الدين. |
| 9 (RLIN) | 41791 |
| 245 12 - بيان العنوان | |
| العنوان | العلم والسيطرة : |
| بقية العنوان | كيف استخدمت إسرائيل تقدمها العلمي والتكنولوجي لبسط هيمنتها على منطقتنا ؟ / |
| بيان المسئوليه,etc | أحمد بهاء الدين شعبان. |
| 260 ## - PUBLICATION, DISTRIBUTION, ETC. (IMPRINT) | |
| مكان الناشر او الموزع | القاهرة : |
| اسم الناشر او الموزع | المجلس الأعلى للثقافة، |
| تاريخ النشر أو التوزيع | 2015. |
| 300 ## - الوصف المادى | |
| التعداد | 294 ص : |
| تفاصيل ماديه اخرى للوعاء | إيض ؛ |
| أبعاد الوعاء | 24 سم. |
| 504 ## - تبصرة ببليوجرافية | |
| تبصرة ببليوجرافية,الخ | يشتمل على إرجاعات الببليوجرافية. |
| 590 ## - تبصرة محلية(RLIN) | |
| تبصرة محلية | Wessam |
| 650 #7 - المدخل الاضافى بالموضوع-مصطلح موضوعى | |
| مصطلح موضوعي أو اسم جغرافي كعنصر مدخل | التكنولوجيا والدولة. |
| مصدر الرأس أو المصطلح | BUEsh |
| 9 (RLIN) | 26390 |
| 651 #7 - المدخل الاضافى بالموضوع - اسم جغرافى | |
| الاسم الجغرافي | إسرائيل |
| التقسيم الفرعي العام | الأحوال الاقتصادية. |
| مصدر الرأس أو المصطلح | BUEsh |
| 9 (RLIN) | 41792 |
| 651 #7 - المدخل الاضافى بالموضوع - اسم جغرافى | |
| الاسم الجغرافي | إسرائيل |
| التقسيم الفرعي العام | الأحوال الاجتماعية. |
| مصدر الرأس أو المصطلح | BUEsh |
| 9 (RLIN) | 41793 |
| 653 ## - مصطلح تكشيفى غير مقيد | |
| Resource For college | BAEPS, Political Science |
| Arrived date list | February2017 |
| 942 ## - عناصر المدخل الإضافي( كوها) | |
| مصدر التصنيف او مخطط الترفيف | Dewey Decimal Classification |
| حالة التراجع | حالة الفقد | مصدر التصنيف او خطة الترفيف | حالة تلف | ليس للاعارة | مجموعات كوها | المكان الدائم | المكان الحالي | موقع الترفيف | تاريخ الاكتساب | Source of acquisition | رقم الاستدعاء | الباركود | Date last seen | مُعار | نوع الوعاء |
|---|---|---|---|---|---|---|---|---|---|---|---|---|---|---|---|
| Dewey Decimal Classification | المجلس الاعلى للثقافة | Central Library | Central Library | First floor | 05/02/2017 | Purchase | 338.95694 ش ع ب | 000045304 | 15/07/2025 | 07/03/2017 | Book - Borrowing | ||||
| Dewey Decimal Classification | المجلس الاعلى للثقافة | Central Library | Central Library | First floor | 05/02/2017 | Purchase | 338.95694 ش ع ب | 000045306 | 15/07/2025 | 13/12/2021 | Book - Borrowing | ||||
| Dewey Decimal Classification | المجلس الاعلى للثقافة | Central Library | Central Library | First floor | 05/02/2017 | Purchase | 338.95694 ش ع ب | 000045305 | 15/07/2025 | Book - Borrowing | |||||
| Dewey Decimal Classification | المجلس الاعلى للثقافة | Central Library | Central Library | First floor | 05/02/2017 | Purchase | 338.95694 ش ع ب | 000045307 | 15/07/2025 | Book - Borrowing | |||||
| Dewey Decimal Classification | المجلس الاعلى للثقافة | Central Library | Central Library | First floor | 12/02/2017 | Purchase | 338.95694 ش ع ب | 000030877 | 15/07/2025 | Book - Borrowing |